Derecho indiano: estudios

Guardat en:
Dades bibliogràfiques
Autor principal: Sanchez Bella, Ismael (Autor)
Format: Llibre
Idioma:espanyol
Publicat: Pamplona Universidad de Navarra 1991
Matèries:
Etiquetes: Afegir etiqueta
Sense etiquetes, Sigues el primer a etiquetar aquest registre!

MARC

LEADER 00000nam a2200000 a 4500
001 UCX8544
003 CL-VaPUC
008 940412e19910000SP |||||||||||||||||spa|d
082 0 4 |a 349.098  |b SAN  |2 21 
100 0 |a Sanchez Bella, Ismael  |e author  |9 325681 
245 1 0 |a Derecho indiano: estudios 
300 |a v 
942 |c BK 
945 |d 19940412 00:00:00  |a aalvarez 
260 |a Pamplona  |b Universidad de Navarra  |c 1991 
650 0 |a Derecho Indiano  |9 256266 
583 |a last modification  |c 20161003 01:14:53  |k Rodrigo Vera 
999 |c 228010  |d 228008 
952 |0 0  |1 0  |4 0  |6 349_098000000000000_SAN_1991  |7 0  |8 DER_HDC  |9 227580  |a BIBDER  |b BIBDER  |d 2019-11-15  |h v.1  |i 2969750  |o 349.098 SAN 1991  |p 2969750  |r 2023-01-25  |w 2019-11-15  |x Ubicación 4to Piso  |y BK  |z Estos recursos deben solicitarse con anticipación  |k DER 
952 |0 0  |1 0  |4 0  |6 349_098000000000000_SAN_1991  |7 0  |8 DER_HDC  |9 227581  |a BIBDER  |b BIBDER  |d 2019-11-15  |h v.2  |i 2969769  |o 349.098 SAN 1991  |p 2969769  |r 2023-01-25  |w 2019-11-15  |x Ubicación 4to Piso  |y BK  |z Estos recursos deben solicitarse con anticipación  |k DER